La vida hecha humo : incendios en las islas del Delta del Paraná, impactos en la Salud Socioambiental /
Guardado en:
| Autor Principal: | |
|---|---|
| Otros Autores: | , , , , |
| Formato: | Libro |
| Idioma: | Undetermined |
| Publicado: |
Rosario :
Fundación Rosa Luxemburgo,
2020.
|
| Edición: | 1a ed. |
| Materias: | |
| Etiquetas: |
Agregar Etiqueta
Sin Etiquetas, Sea el primero en etiquetar este registro!
|
| LEADER | 01347nam a22002415a 4500 | ||
|---|---|---|---|
| 001 | CEM.cems021025 | ||
| 008 | 240417s2020####xx############000#0#und#d | ||
| 005 | 20240417144325.0 | ||
| 245 | 1 | 0 | |a La vida hecha humo : |b incendios en las islas del Delta del Paraná, impactos en la Salud Socioambiental / |c Damián Verzeñassi ... y otros. |
| 250 | |a 1a ed. | ||
| 260 | |a Rosario : |b Fundación Rosa Luxemburgo, |c 2020. | ||
| 300 | |a 44 p. | ||
| 505 | 0 | |a Palabras preliminares -- Prólogo -- Presentación -- Fundamentación y marco legal -- Humedales del Delta del Paraná, incendios y el modelo agroindustrial -- Impactos de los productos de la combustión de los humedales e índices de calidad del aire -- Impactos en la salud humana de los incendios en el humedal -- Registros del impacto en la salud de las personas durante los incendios del humedal -- Impactos en la salud de los ecosistemas -- Impactos sobre el calentamiento global, el cambio climático y la salud -- Reflexiones finales -- Bibliografía consultada | |
| 100 | 1 | |a Verzeñassi, Damián. | |
| 700 | 1 | |a Enriquez, Lucía. | |
| 700 | 1 | |a Céspedes, Agostina. | |
| 700 | 1 | |a Zamorano, Analía. | |
| 700 | 1 | |a Izaguirre, Camila. | |
| 700 | 1 | |a Ruella, Ariel. | |
| 653 | |a Salud | ||
| 653 | |a Ecología | ||
| 653 | |a Medioambiente | ||
| 859 | |a CEMS |b BIB. CEMS - 11 de abril |h 574.5 |i V629 |p 29449.23 |t Ej.1 | ||
